| 000 | 00943nam0a22002411 4500 | ||
|---|---|---|---|
| 001 | rc\4598247 | ||
| 005 | 20250611203304.0 | ||
| 021 |
_aRU _bП1770-61 |
||
| 035 | _a(NLR Aleph) 008387137 | ||
| 090 |
_a9154220 _c9154220 |
||
| 100 | _a20130416d1961 |||y0rusy50 ca | ||
| 101 | 0 | _arus | |
| 102 | _aRU | ||
| 105 | _ay z ||||| | ||
| 200 | 1 |
_aМеханизация основных процессов работ по устройству покрытий из рулонных материалов _fНаучно-исслед. ин-т внедрения передового опыта в строительство и техн. информации. Киев |
|
| 210 |
_aКиев _cБ. и. _d1961 |
||
| 225 | 1 |
_aНаучно-техническая информация _v1961, № 17 |
|
| 702 | 1 |
_aКрикливый _bА. _4220 |
|
| 801 | 0 |
_aRU _bNLR _gpsbo |
|
| 801 | 1 |
_aRU _bELAR _2rusmarc |
|
| 852 |
_aNLR _jП49/885 |
||
| 942 | _cBOOK | ||
| 980 | _aNB | ||